Top 10 - Most Popular Dog Breeds in USA - Statistics

General Stats
  • This quiz has been taken 38 times
  • The average score is 6 of 10
Answer Stats
Hint Answer % Correct
1 Labrador Retriever
97%
2 German Shepherd
86%
3 Golden Retriever
77%
7 Poodle
71%
5 Bulldog
60%
8 Rottweiler
54%
6 Beagle
43%
10 Yorkshire Terrier
37%
4 French Bulldog
26%
9 German Shorthaired Pointer
9%
No matching quizzes found
Score Distribution
Percent of People with Each Score
Percentile by Number Answered
Your Score History
You have not taken this quiz